Current contents social and behavioral sciences

Na minha lista:
Detalhes bibliográficos
Formato: Periódico
Idioma:inglês
Publicado em: Philadelphia Institute for Scientific Information
Tags: Adicionar Tag
Sem tags, seja o primeiro a adicionar uma tag!

MARC

LEADER 00000nas1a2200000$$$4500
001 0009479
005 20250730114819.2
041 0 |a eng 
044 |a US 
245 1 0 |a Current contents  |b social and behavioral sciences 
264 1 |a Philadelphia  |b Institute for Scientific Information